| 000 | 00626 a2200253 4500 | ||
|---|---|---|---|
| 260 | _aParis | ||
| 630 | _a91 - Geographie. exploration de la terre, des diverses regions, des divers pays. Voyages. Geographie regionale | ||
| 037 | _b1, CIUF | ||
| 650 | _a9 - GEOGRAPHIE ET HISTOIRE | ||
| 100 | _aClaval, Paul | ||
| 260 | _bA. Colin | ||
| 245 | _aGéographie cuturelle | ||
| 300 | _a279p. | ||
| 650 | _aCulture : Géographie | ||
| 260 | _c2003 | ||
| 300 | _b24 cm | ||
| 100 | _lFr | ||
| 440 | _aCollection U | ||
| 037 | _a07/126 | ||
| 037 | _a07/127 | ||
| 020 | _a2-200-26360-0 | ||
| 999 |
_c43042 _d43042 |
||